000 01154nam a2200313 a 4500
001 BRCA_3475
005 20190320204312.0
008 300409s1837----enka---###---#000-0#eng-#
041 _aeng
044 _aenk
084 _a764
_b.I54
_c1837
100 1 _aInglis Henry David
_d1795-1835
_99056
245 1 0 _aRambles in the Footsteps of Don Quixote
_cby the late D. D. Inglis.
260 _aLondres
_bWhittaker
_c1837
300 _axii, 203 p.
_bil.
_c20 cm.
500 _aContenido : Prólogo del autor. Texto
500 _aEdición : With Illustrations by George Cruikshank
500 _aEjemplar por completo igual al anterior [763]. Tela; lomera adornada con adornos Lúdovik Osterc
500 _aQMB21
546 _aTexto en : inglés
650 1 4 _aNovela española
_yÉpoca clásica, 1500-1700
_9215
650 1 4 _aLiteratura española
_yÉpoca clásica, 1500-1700
_9216
650 1 4 _aNovela española
_ySiglo XVII
_9217
650 1 4 _aDon Quijote (Personaje ficticio)
_eNovela
_9218
700 1 _aCruikshank, George
_d1853-1904
_eIlustrador
_99057
740 0 _aEl Ingenioso Hidalgo Don Quijote de la Mancha
902 _aQFM
942 _2lcc
_cB
999 _c3211
_d3211